الوقت / (رقم التسجيلة. 31121)

تفاصيل مارك
000 -LEADER
fixed length control field 00540nam a22001817a 4500
005 - DATE AND TIME OF LATEST TRANSACTION
control field 20251108165759.0
008 - FIXED-LENGTH DATA ELEMENTS--GENERAL INFORMATION
fixed length control field 250721s1987 xx 000 0 ara d
082 14 - DEWEY DECIMAL CLASSIFICATION NUMBER
Classification number ط/529/الب
100 1# - MAIN ENTRY--PERSONAL NAME
Personal name مطلق، البير
245 10 - TITLE STATEMENT
Title الوقت /
264 1# - PRODUCTION, PUBLICATION, DISTRIBUTION, MANUFACTURE, AND COPYRIGHT NOTICE
Place of production, publication, distribution, manufacture بيروت :
Name of producer, publisher, distributor, manufacturer مكتبة لبنان،
Date of production, publication, distribution, manufacture, or copyright notice 1987.
300 ## - PHYSICAL DESCRIPTION
Extent 31 ص : مص
490 0# - SERIES STATEMENT
Series statement كتب الفراشة : المعارف الميسرة
650 17 - SUBJECT ADDED ENTRY--TOPICAL TERM
Topical term or geographic name as entry element التوقيت
653 ## - INDEX TERM--UNCONTROLLED
Uncontrolled term اطفال مرحلة متوسطة (6-9) سنوات
942 ## - ADDED ENTRY ELEMENTS (KOHA)
Source of classification or shelving scheme Dewey Decimal Classification
Koha item type كتب
المقتنيات
حالة السحب حالة الفقدان مصدر التصنيف حالة التلف غير قابل للإعارة المكتبة الرئيسية المكتبة الحالية موقع الرف تاريخ التزويد الرقم المتسلسل Total Checkouts رقم الإستدعاء تاريخ آخر ظهور تاريخ الفاتورة نوع المادة (كوها) الباركود
    Dewey Decimal Classification     مكتبة الأميرة سلمى مكتبة الأميرة سلمى الأطفال 28/07/2025 568577   ط/529/الب 28/07/2025 28/07/2025 كتب 568577
    Dewey Decimal Classification     مكتبة الحسن العامة مكتبة الحسن العامة الأطفال 08/05/2019 {2732]   ط/529/الب 28/07/2025 08/05/2019 كتب PLD00452697
    Dewey Decimal Classification Unchecked   مكتبة النصر العامة مكتبة النصر العامة الأطفال 06/07/2004 2679   ط/529/الب 28/07/2025 06/07/2004 كتب  
    Dewey Decimal Classification     مكتبة بدر الجديدة للأطفال مكتبة بدر الجديدة للأطفال الأطفال 19/09/2015 400589   ط/529/الب 28/07/2025 19/09/2015 كتب PLD00349494
Implemented & Customized by: BBB with SCIT (Smart Chains for Information Technology)

Powered by Koha